CÁC NỀN VĂN HÓA THẾ GIỚI : PHƯƠNG TÂY

Đã lưu trong:
Chi tiết về thư mục
Tác giả chính: Đặng Hữu Toàn, PGS.TS.
Định dạng: Sách
Ngôn ngữ:Vietnamese
Được phát hành: 2010
Những chủ đề:
Các nhãn: Thêm thẻ
Không có thẻ, Là người đầu tiên thẻ bản ghi này!
Thư viện lưu trữ: Mạng thư viện Đại học Đà Nẵng
LEADER 01113cam a22003251a 4500
001 000041067
003 17363
005 20160418000000.0
008 160418s2010 000 vie
041 |a vie 
082 |a 306  |b ĐĂ-T 
100 |a Đặng Hữu Toàn, PGS.TS. 
245 |a CÁC NỀN VĂN HÓA THẾ GIỚI : PHƯƠNG TÂY  |c Đặng Hữu Toàn 
260 |c 2010 
300 |a 371tr. : mh ; 30cm 
650 |a CÁC NỀN VĂN HÓA THẾ GIỚI : PHƯƠNG TÂY, VĂN HÓA THẾ GIỚI , VĂN HÓA PHƯƠNG TÂY. 
852 |b Chuyên đề  |c Giáo trình 
OWN |a LNN 
AVA |a UDN50  |b LNN  |d 306 ĐĂ-T  |e available  |t Error 5001 Not defined in file expand_doc_bib_avail.  |f 1  |g 0  |h N  |i 0  |k 1 
999 |a From the UDN01 
AVA |a UDN50  |b LNN  |d 306 ĐĂ-T  |e available  |t Error 5001 Not defined in file expand_doc_bib_avail.  |f 1  |g 0  |h N  |i 0  |k 1 
TYP |a Monograph 
TYP |a Printed language 
980 |a Mạng thư viện Đại học Đà Nẵng